| 000 | 00652nam a2200121Ia 4500 | ||
|---|---|---|---|
| 008 | 220620s9999||||xx |||||||||||||| ||und|| | ||
| 100 | _aPeters, John Durham||Sprenger, Florian||Vagt, Christina | ||
| 245 | 0 | _aAction at a Distance | |
| 546 | _aEnglish[eng] | ||
| 650 | _aNonbooks, PBS / Medien, Kommunikation/Medienwissenschaft||Medienwissenschaften: Internet, digitale Medien und Gesellschaft||Digitalisierung||materiality||mediality||transmission||communication||Computernetzwerke und maschinelle Kommunikation||Computermodellierung und -simulation | ||
| 856 | _uhttps://library.oapen.org/bitstream/20.500.12657/49998/1/9783957961525.pdf | ||
| 942 | _cEB | ||
| 999 |
_c22728 _d22728 |
||